[Event "World Cup U16 Girls Prel"]
[Site "Tornelo INT"]
[Date "2021.08.06"]
[Round "9"]
[White "Gamage, Desandhi Dhihansa"]
[Black "Gonzalez Gonzalez, Maria Alejandra"]
[Result "1-0"]
[WhiteElo "1302"]
[BlackElo "1547"]
[PlyCount "73"]
[EventDate "2021.08.06"]
[EventType "swiss (rapid)"]
[EventRounds "10"]
[EventCountry "NET"]
[SourceTitle "EXT 2025"]
[Source "ChessBase"]
[SourceDate "2024.10.14"]
[SourceVersion "1"]
[SourceVersionDate "2024.10.14"]
[SourceQuality "1"]

1. e4 e6 2. d4 d5 3. Nd2 Nf6 4. e5 Nfd7 5. Bd3 c5 6. c3 Nc6 7. Ne2 cxd4 8. cxd4 f6 9. exf6 Nxf6 10. 0-0 Bd6 11. Nf3 0-0 12. a3 Qc7 13. Nc3 a6 14. Bg5 Bf4 15. Bh4 Bd6 16. Re1 Bd7 17. h3 Rac8 18. Bc2 Na5 19. Qd3 g6 20. Ne5 Nh5 21. Nxg6 Rf7 22. Ne5 Nf4 23. Qe3 Nc4 24. Qg3+ Rg7 25. Qxf4 Nxe5 26. dxe5 Bc5 27. Bf6 Rf7 28. Qh6 Qb6 29. Rf1 Bd4 30. Rab1 Bc5 31. Bg6 Ba4 32. Bxf7+ Kxf7 33. Qxh7+ Ke8 34. Qg8+ Kd7 35. Qf7+ Kc6 36. Qxe6+ Bd6 37. Qxd6# 1-0

[Event "World Cup U16 Girls Prel"]
[Site "Tornelo INT"]
[Date "2021.08.06"]
[Round "4"]
[White "Gonzalez Gonzalez, Maria Alejandra"]
[Black "Nguyen, Hong Nhung"]
[Result "0-1"]
[WhiteElo "1547"]
[BlackElo "1697"]
[PlyCount "80"]
[EventDate "2021.08.06"]
[EventType "swiss (rapid)"]
[EventRounds "10"]
[EventCountry "NET"]
[SourceTitle "EXT 2025"]
[Source "ChessBase"]
[SourceDate "2024.10.14"]
[SourceVersion "1"]
[SourceVersionDate "2024.10.14"]
[SourceQuality "1"]

1. d4 Nf6 2. Bf4 c5 3. c3 g6 4. e3 Bg7 5. Nf3 0-0 6. Nbd2 cxd4 7. exd4 d5 8. Bd3 Nc6 9. 0-0 Re8 10. Re1 Bf5 11. Qc2 Bxd3 12. Qxd3 Qb6 13. b3 Rac8 14. h3 Qa5 15. b4 Qa3 16. Nb3 Ne4 17. Bc1 Qa4 18. Nc5 Nxc5 19. bxc5 Na5 20. Bf4 b6 21. cxb6 axb6 22. Reb1 Nc4 23. Rb4 Qa5 24. a4 e6 25. Ne5 Nxe5 26. Bxe5 f6 27. Bg3 Bf8 28. Rb3 Rc4 29. Rb5 Qa6 30. a5 Qxb5 31. a6 Ra8 32. a7 Qd7 33. Bb8 Bd6 34. Bxd6 Qxd6 35. Ra6 Qc7 36. Qd2 Rxa7 37. Qa2 Rxa6 38. Qxa6 Rxc3 39. Qa8+ Kg7 40. Qa4 Rc1+ 0-1

[Event "World Cup U16 Girls Prel"]
[Site "Tornelo INT"]
[Date "2021.08.06"]
[Round "10"]
[White "Gonzalez Gonzalez, Maria Alejandra"]
[Black "Pacheco Arteaga, Natalia"]
[Result "1-0"]
[WhiteElo "1547"]
[BlackElo "1155"]
[PlyCount "69"]
[EventDate "2021.08.06"]
[EventType "swiss (rapid)"]
[EventRounds "10"]
[EventCountry "NET"]
[SourceTitle "EXT 2025"]
[Source "ChessBase"]
[SourceDate "2024.10.14"]
[SourceVersion "1"]
[SourceVersionDate "2024.10.14"]
[SourceQuality "1"]

1. d4 d5 2. Bf4 e6 3. e3 Nf6 4. Nf3 Nbd7 5. Nbd2 Be7 6. Bd3 0-0 7. Ne5 Re8 8. Qf3 c5 9. c3 c4 10. Bc2 g6 11. g4 Nxe5 12. dxe5 Nd7 13. Qh3 Bg5 14. Nf3 Bxf4 15. exf4 f6 16. Qh6 Qe7 17. 0-0-0 Qg7 18. Qxg7+ Kxg7 19. h4 fxe5 20. Nxe5 Nxe5 21. fxe5 Rf8 22. Rdf1 b5 23. f4 Bb7 24. Rh2 Rf7 25. h5 gxh5 26. Rxh5 Rh8 27. f5 Bc8 28. f6+ Kf8 29. g5 Kg8 30. Rfh1 Bb7 31. g6 Rc7 32. g7 d4 33. gxh8Q+ Kxh8 34. Rxh7+ Rxh7 35. Rxh7+ 1-0

[Event "World Cup U16 Girls Prel"]
[Site "Tornelo INT"]
[Date "2021.08.06"]
[Round "1"]
[White "Yan, Rui Yang"]
[Black "Gonzalez Gonzalez, Maria Alejandra"]
[Result "1-0"]
[WhiteElo "2111"]
[BlackElo "1547"]
[PlyCount "41"]
[EventDate "2021.08.06"]
[EventType "swiss (rapid)"]
[EventRounds "10"]
[EventCountry "NET"]
[SourceTitle "EXT 2025"]
[Source "ChessBase"]
[SourceDate "2024.10.14"]
[SourceVersion "1"]
[SourceVersionDate "2024.10.14"]
[SourceQuality "1"]

1. e4 e6 2. d4 d5 3. Nc3 Bb4 4. e5 c5 5. a3 Bxc3+ 6. bxc3 Ne7 7. Qg4 Qc7 8. Bd3 cxd4 9. Ne2 Nbc6 10. cxd4 Ng6 11. h4 Bd7 12. h5 Nge7 13. Bd2 g6 14. hxg6 fxg6 15. Bg5 h5 16. Qf4 Rf8 17. Bf6 Nf5 18. Qg5 Kf7 19. Rxh5 Ncxd4 20. Rh7+ Ke8 21. Qxg6+ 1-0

[Event "VEN-ch U17 Girls"]
[Site "Caracas"]
[Date "2019.08.10"]
[Round "8"]
[White "Gonzalez Gomez, Daniela Carolina"]
[Black "Gonzalez Gonzalez, Maria Alejandra"]
[Result "1/2-1/2"]
[WhiteElo "1373"]
[BlackElo "1606"]
[PlyCount "56"]
[EventDate "2019.08.07"]
[EventType "swiss"]
[EventRounds "9"]
[EventCountry "VEN"]
[SourceTitle "EXT 2020"]
[Source "ChessBase"]
[SourceDate "2019.10.17"]
[SourceVersion "1"]
[SourceVersionDate "2019.10.17"]
[SourceQuality "1"]

1. e4 e6 2. d4 d5 3. e5 c5 4. c3 Nc6 5. Nf3 Qb6 6. Bd3 Bd7 7. Bc2 cxd4 8. cxd4 Rc8 9. 0-0 Be7 10. Nc3 f6 11. Ne2 f5 12. Rb1 h6 13. h3 g5 14. Nh2 Kd8 15. f4 Kc7 16. Ba4 Kb8 17. Bxc6 Bxc6 18. Rf3 Qd8 19. b4 Qe8 20. Rc3 b5 21. Be3 Kb7 22. Qb3 Qh5 23. Qc2 Bd8 24. Rc1 Ne7 25. a4 Bb6 26. a5 Bd8 27. Ra3 Bd7 28. Rc3 Nc6 1/2-1/2